000 00936cac a22002291u 4500
090 _c9033
008 081119t 1995xxu||||| |||| 00| 0 eng d
010 _a 94023342
020 _a053882980X (alk. paper)
082 0 0 _a650.01513
_bSHA
100 _aShao, Stephen Pinyee,
245 1 0 _aMathematics for management and finance :
_bwith college algebra and GMAT preparation /
_cStephen P. Shao, Lawrence P. Shao.
250 _a7th ed.
260 _aCincinnati, Ohio :
_bSouth-Western College Pub.,
_c1995.
260 _bdistributer: Fathy Mohamed Taha Desouky
300 _axii, 866 p. :
_bill. ;
_c25 cm.
500 _aIncludes index.
650 0 _aBusiness mathematics.
700 1 _aShao, Lawrence P.,
_d1958-
942 _cBB
_k650.01513SHA
_2ddc
999 _c9033
_d9033